| 000 | 00549nam a2200181Ia 4500 | ||
|---|---|---|---|
| 008 | 090630s9999 xx 000 0 und d | ||
| 082 | _b6584 | ||
| 100 | _aशेळके उध्दव ज. | ||
| 245 |
_aसाहेब. _cशेळके उध्दव ज. |
||
| 260 |
_bपुष्पक. _c1975 |
||
| 300 | _a487 | ||
| 600 | _aशेळके उध्दव ज. | ||
| 630 | _aसाहेब. | ||
| 655 | _aकादंबरी. | ||
| 700 | _aशेळके उध्दव ज. | ||
| 730 | _aसाहेब. | ||
| 942 | _cBOOK | ||
| 999 |
_c258440 _d258440 |
||